The Louisiana Conference on Literature and Perestroika, 2.-4. March 1988 /

محفوظ في:
التفاصيل البيبلوغرافية
مؤلفون مشاركون: Louisiana Conference on Literature and Perestroika Louisiana Museum of Modern Art, Humlaek, Denmark, Sydjysk universitetscenter
مؤلفون آخرون: Magnusson, Marta-Lisa
التنسيق: وقائع المؤتمر كتاب
اللغة:English
منشور في: Esbjerg : South Jutland University Press, 1989.
الموضوعات:
LEADER 01392nam a2200325 a 4500
001 c000121384
003 CARM
005 00000000000000.0
008 891002s1989 dk a 10000 eng d
010 |a 89191159 
019 1 |a 7128457  |5 LACONCORD2021 
020 |a 8788521672 :  |c kr150.00 
035 |a (OCoLC)20618438  |5 LACONCORD2021 
041 1 |a eng  |h danrus 
042 |a lccopycat 
043 |a e-ur--- 
050 0 4 |a PG3017  |b .L68 1988 
111 2 0 |a Louisiana Conference on Literature and Perestroika  |d (1988 :  |c Louisiana Museum of Modern Art, Humlaek, Denmark) 
245 1 4 |a The Louisiana Conference on Literature and Perestroika, 2.-4. March 1988 /  |c edited by Marta-Lisa Magnusson ; translated from Danish and Russian into English by John Kendal. 
260 |a Esbjerg :  |b South Jutland University Press,  |c 1989. 
300 |a 141 p. :  |b ill. ;  |c 26 cm. 
650 0 |a Russian literature  |y 20th century  |x History and criticism  |x Congresses. 
650 0 |a Perestroika  |x Congresses. 
650 0 |a Politics and literature  |z Soviet Union  |x Congresses. 
700 1 |a Magnusson, Marta-Lisa. 
710 2 0 |a Sydjysk universitetscenter. 
852 8 |b CARM  |h A2:AK18C0  |i D03631  |p 0141247  |f BK 
082 0 |a 891.70944 
999 f f |i 5f882452-43f8-5157-af4c-0f873f06d023  |s 3b225804-558c-50ea-a1d2-afe40027eb79 
952 f f |p Can circulate  |a CAVAL  |b CAVAL  |c CAVAL  |d CARM 1 Store  |e D03631  |f A2:AK18C0  |h Other scheme  |i book  |m 0141247